[Event "Hastings Masters 2018-19"]
[Site "Hastings ENG"]
[Date "2018.12.29"]
[Round "2.38"]
[White "Wilson, Matthew R"]
[Black "Choi, Shinwoo"]
[Result "1-0"]
[WhiteElo "1822"]
[BlackElo "1219"]
[WhiteFideId "423459"]
[BlackFideId "13209892"]
[EventDate "2018.12.28"]

1. Nf3 d5 2. e3 Nc6 3. d4 Nf6 4. c4 e6 5. Nc3 Be7 6. a3 O-O 7. Bd3 Bd7 8. O-O h6
9. h3 a6 10. b3 b6 11. Qe2 a5 12. e4 Bc8 13. Bc2 Bb7 14. cxd5 exd5 15. e5 Ne8
16. Qd3 g6 17. Bxh6 Ng7 18. Ne2 Ba6 19. Qd2 Bxe2 20. Qxe2 Kh7 21. Bxg7 Kxg7 22.
Rfc1 Bg5 23. Re1 f6 24. Nxg5 fxg5 25. Qg4 Rf4 26. Qe6 Qe8 27. Qxd5 Nxd4 28. Rac1
Rd8 29. Qb7 Rc8 30. Bd1 Ne6 31. Bg4 Nc5 32. Qxc8 Qxc8 33. Bxc8 Nd3 34. Rxc7+ Rf7
35. Rxf7+ Kxf7 36. e6+ Ke7 37. Re3 Nc5 38. Re5 Nxb3 39. Rb5 Nd4 40. Rxb6 Kf6 41.
Rb2 1-0

[Event "Hastings Masters 2018-19"]
[Site "Hastings ENG"]
[Date "2018.12.29"]
[Round "2.39"]
[White "Witt, Holger"]
[Black "Metcalfe, Charlie P"]
[Result "0-1"]
[WhiteElo "1567"]
[BlackElo "1743"]
[WhiteFideId "24678139"]
[BlackFideId "443883"]
[EventDate "2018.12.28"]

1. d4 d5 2. Bf4 c5 3. e3 Nc6 4. c3 Nf6 5. Nd2 Bg4 6. Ngf3 e6 7. Be2 Bd6 8. Bg3
O-O 9. Ne5 Bxe2 10. Qxe2 Qc7 11. f4 Nd7 12. Ndf3 Rae8 13. O-O f6 14. Nxd7 Qxd7
15. Rae1 Qc7 16. Qf2 Rc8 17. Qd2 Qb6 18. Re2 Rfd8 19. Rfe1 Bf8 20. Bf2 Qa5 21.
a3 c4 22. Qc2 Qc7 23. Bg3 Bd6 24. Qd2 b5 25. e4 f5 26. exf5 exf5 27. Ng5 Qd7 28.
Re6 h6 29. Nf3 Kf7 30. Qe3 Re8 31. Rxe8 Rxe8 32. Qxe8+ Qxe8 33. Rxe8 Kxe8 34.
Ne5 Na5 35. Bh4 Nb3 36. Kf2 Bxe5 37. dxe5 Nc5 38. Ke2 Nd3 39. h3 Kd7 40. g4 g6
41. gxf5 gxf5 42. b3 Nxf4+ 43. Kd2 cxb3 44. Bg3 Nxh3 45. Kc1 a5 0-1

[Event "Hastings Masters 2018-19"]
[Site "Hastings ENG"]
[Date "2018.12.29"]
[Round "2.40"]
[White "Park, Sijoon"]
[Black "Boardman, Jeffrey"]
[Result "0-1"]
[WhiteElo "1243"]
[BlackElo "2005"]
[WhiteFideId "13207296"]
[BlackFideId "4301382"]
[EventDate "2018.12.28"]

1. e4 c5 2. Nf3 Nc6 3. d4 cxd4 4. Nxd4 e5 5. Nb3 h6 6. Nc3 Nf6 7. Be3 Bb4 8. Be2
Nxe4 9. Bd2 Nxd2 10. Qxd2 d5 11. a3 Bxc3 12. bxc3 O-O 13. O-O Be6 14. Rad1 Qe7
15. a4 Rfd8 16. Qe3 Rac8 17. Bb5 f6 18. Rfe1 a6 19. Bf1 f5 20. f4 e4 21. Kh1 Bf7
22. Be2 Qc7 23. Nd2 d4 24. cxd4 Nxd4 25. Nb1 Nxc2 26. Rxd8+ Qxd8 27. Qg1 Nxe1
28. Qxe1 Qc7 29. Nd2 Qc1 30. Qxc1 Rxc1+ 31. Nf1 Bc4 32. Bxc4+ Rxc4 33. Kg1 Rxa4
34. Ne3 Ra1+ 35. Kf2 Ra2+ 36. Ke1 g6 37. Kf1 Kf7 38. Ke1 b5 39. Kf1 Kf6 40. Ke1
a5 41. Nd1 Rxg2 42. Nc3 b4 43. Kf1 bxc3 0-1

[Event "Hastings Masters 2018-19"]
[Site "Hastings ENG"]
[Date "2018.12.30"]
[Round "3.1"]
[White "Gormally, Daniel W"]
[Black "Korneev, Oleg"]
[Result "1/2-1/2"]
[WhiteTitle "GM"]
[BlackTitle "GM"]
[WhiteElo "2481"]
[BlackElo "2545"]
[WhiteFideId "406465"]
[BlackFideId "4156803"]
[EventDate "2018.12.28"]

1. d4 d5 2. c4 c6 3. Nf3 Nf6 4. Qc2 dxc4 5. Qxc4 Bf5 6. g3 e6 7. Bg2 Nbd7 8. O-O
Be7 9. Nc3 O-O 10. e3 Ne4 11. Nd2 Nd6 12. Qe2 h6 13. e4 Bh7 14. Nb3 Re8 15. Be3
Bf8 16. Rad1 Qc7 17. Nc5 1/2-1/2

[Event "Hastings Masters 2018-19"]
[Site "Hastings ENG"]
[Date "2018.12.30"]
[Round "3.2"]
[White "Hawkins, Jonathan"]
[Black "Cherniaev, Alexander"]
[Result "1-0"]
[WhiteTitle "GM"]
[BlackTitle "GM"]
[WhiteElo "2569"]
[BlackElo "2390"]
[WhiteFideId "412686"]
[BlackFideId "4117301"]
[EventDate "2018.12.28"]

1. d4 e6 2. c4 b6 3. e4 Bb7 4. Bd3 Bb4+ 5. Kf1 Be7 6. Nc3 d6 7. Nf3 Nd7 8. g3
Bf6 9. Kg2 Ne7 10. h4 a6 11. Bc2 h6 12. Be3 g6 13. Qd2 Bg7 14. d5 Nf6 15. dxe6
fxe6 16. Nd4 Kf7 17. f3 c5 18. Nde2 Nc6 19. Rad1 Ne5 20. b3 Ke7 21. Nf4 Qc7 22.
Nd3 Nxf3 23. Kxf3 Nxe4 24. Nxe4 Bxe4+ 25. Ke2 Bxh1 26. Rxh1 Qc6 27. Rf1 Qg2+ 28.
Rf2 Qxg3 29. Nf4 Qg4+ 30. Kf1 Kd7 31. Nxg6 Qh3+ 32. Ke1 Rhf8 33. Nxf8+ Rxf8 34.
Rxf8 Bxf8 35. Bf2 1-0

[Event "Hastings Masters 2018-19"]
[Site "Hastings ENG"]
[Date "2018.12.30"]
[Round "3.3"]
[White "Sulskis, Sarunas"]
[Black "Murphy, Conor E"]
[Result "0-1"]
[WhiteTitle "GM"]
[BlackTitle "FM"]
[WhiteElo "2529"]
[BlackElo "2313"]
[WhiteFideId "12800112"]
[BlackFideId "421669"]
[EventDate "2018.12.28"]

1. c4 e6 2. Nc3 d5 3. d4 Nf6 4. cxd5 exd5 5. Bg5 c6 6. e3 Be7 7. Bd3 Nbd7 8.
Nge2 h6 9. Bh4 Nh5 10. Bxe7 Qxe7 11. Qd2 Nb6 12. O-O O-O 13. Rac1 Bd7 14. Rfe1
Rae8 15. e4 dxe4 16. Nxe4 Nd5 17. Nc5 Bc8 18. Ng3 Qh4 19. Rxe8 Rxe8 20. Re1
Rxe1+ 21. Qxe1 Nhf6 22. Nge4 Nxe4 23. Bxe4 Qe7 24. Qd2 b6 25. Bxd5 bxc5 26. Bxc6
cxd4 27. Bb5 Qc5 28. Bd3 Bf5 29. b4 Qc8 30. Kf1 Be6 31. a4 Qc7 32. Kg1 Bb3 33.
a5 Qc3 34. Qe2 Be6 35. f4 Qxb4 36. Qe5 Qc3 37. Qe4 g6 38. a6 Qc1+ 39. Kf2 Qd2+
40. Kg3 h5 41. Kh4 Bd5 42. Qxd4 Qxg2 43. h3 Be6 44. f5 g5+ 45. Kxh5 Bd5 46. Be2
Qxe2+ 47. Kh6 Qxa6+ 48. f6 Qc4 0-1

[Event "Hastings Masters 2018-19"]
[Site "Hastings ENG"]
[Date "2018.12.30"]
[Round "3.6"]
[White "Kjartansson, Gudmundur"]
[Black "Lyell, Mark"]
[Result "0-1"]
[WhiteTitle "IM"]
[BlackTitle "FM"]
[WhiteElo "2424"]
[BlackElo "2299"]
[WhiteFideId "2301318"]
[BlackFideId "402354"]
[EventDate "2018.12.28"]

1. d4 f5 2. g3 Nf6 3. Bg2 g6 4. Nf3 Bg7 5. O-O O-O 6. c4 d6 7. Nc3 Qe8 8. b3 Na6
9. Bb2 e5 10. dxe5 dxe5 11. e4 f4 12. gxf4 Nh5 13. fxe5 Bg4 14. Nd5 Rd8 15. Re1
c6 16. Re3 Nf4 17. Qd4 Nxg2 18. Kxg2 Qf7 19. Qc3 cxd5 20. exd5 Rde8 21. Rae1 Nc5
22. e6 Qxf3+ 23. Rxf3 Bxf3+ 24. Qxf3 Rxf3 25. Bxg7 Nd3 26. Rd1 Rxf2+ 27. Kg3
Kxg7 28. Rxd3 Rff8 29. c5 Kf6 30. Re3 g5 31. b4 h5 32. a4 Rg8 33. b5 b6 34. a5
bxc5 35. b6 axb6 36. axb6 Ke7 37. b7 Kd6 0-1

[Event "Hastings Masters 2018-19"]
[Site "Hastings ENG"]
[Date "2018.12.30"]
[Round "3.9"]
[White "Williams, Simon K"]
[Black "Spiegel, Stefan"]
[Result "1-0"]
[WhiteTitle "GM"]
[WhiteElo "2477"]
[BlackElo "2124"]
[WhiteFideId "404454"]
[BlackFideId "4610733"]
[EventDate "2018.12.28"]

1. d4 Nf6 2. Nf3 e6 3. Bg5 h6 4. Bh4 b6 5. Nbd2 Bb7 6. e3 Be7 7. Bd3 c5 8. c3
Nc6 9. O-O cxd4 10. Bxf6 Bxf6 11. exd4 O-O 12. Qe2 d6 13. h4 Ne7 14. h5 Re8 15.
Bc2 Kf8 16. Qd3 Qc7 17. Nh2 Qc6 18. f3 Qd5 19. Ne4 Ng8 20. Qe2 Red8 21. Ng3 Qc6
22. Ng4 Rac8 23. Bd3 Be7 24. f4 Nf6 25. Nxf6 Bxf6 26. Ne4 Be7 27. f5 exf5 28.
Rxf5 Kg8 29. Raf1 Rf8 30. R1f3 Qd7 31. d5 a6 32. Qf2 Bd8 33. Qg3 Be7 34. Qf4 f6
35. Qg4 Kh8 36. Rg3 Bxd5 37. Qxg7# 1-0

[Event "Hastings Masters 2018-19"]
[Site "Hastings ENG"]
[Date "2018.12.30"]
[Round "3.10"]
[White "Bates, Richard A"]
[Black "Sumit, Kumar"]
[Result "1/2-1/2"]
[WhiteTitle "IM"]
[WhiteElo "2358"]
[BlackElo "2219"]
[WhiteFideId "403555"]
[BlackFideId "5054010"]
[EventDate "2018.12.28"]

1. d4 Nf6 2. Nf3 e6 3. c4 b6 4. g3 Ba6 5. Qc2 Bb7 6. Bg2 c5 7. d5 exd5 8. cxd5
Nxd5 9. O-O Be7 10. Qb3 Nf6 11. Ne5 d5 12. Qa4+ Nbd7 13. Nc3 O-O 14. Nxd7 Qxd7
15. Qxd7 Nxd7 16. Nxd5 Bxd5 17. Bxd5 Rad8 18. a4 Ne5 19. Be4 Bf6 20. Ra2 Rfe8
21. b3 Rd4 22. f3 Red8 23. a5 g6 24. axb6 axb6 25. h4 Bg7 26. Bg5 f6 27. Be3
R4d7 28. Ra6 f5 29. Bc2 Rb7 30. Bg5 Rdd7 31. h5 Nc6 32. Bd3 h6 33. Ra8+ Kh7 34.
hxg6+ Kxg6 35. Bf4 Nb4 36. Bb5 Re7 37. Rd1 Bd4+ 38. Kh2 Nd5 39. Bd3 Nxf4 40.
gxf4 Be3 41. Kh3 Kf6 42. Bc4 Rbd7 43. Rf8+ Kg6 44. Bd3 Rf7 45. Rb8 Rb7 46. Rd8
Kg7 47. Bc4 Rf8 48. Rxf8 Kxf8 49. Rd5 Kg7 50. Rxf5 b5 51. Bd3 Rf7 52. Rxf7+ Kxf7
53. Bxb5 Kf6 54. Kg3 h5 55. Bc6 h4+ 56. Kg4 h3 57. f5 Bf4 58. Kxh3 Kxf5 59. Bd5
Ke5 60. Bc4 Be3 61. Kg3 Bf4+ 62. Kf2 Kd4 63. e4 Ke5 64. Ke2 Kd4 65. Bf7 Bg5 66.
Kf2 Ke5 67. Kg3 Bf4+ 68. Kg4 Be3 69. Bc4 Bf4 70. Kh5 Kf6 71. Bd5 Be3 1/2-1/2

[Event "Hastings Masters 2018-19"]
[Site "Hastings ENG"]
[Date "2018.12.30"]
[Round "3.14"]
[White "White, Stuart A"]
[Black "Villiers, Thomas"]
[Result "1/2-1/2"]
[BlackTitle "CM"]
[WhiteElo "2096"]
[BlackElo "2226"]
[WhiteFideId "407747"]
[BlackFideId "427209"]
[EventDate "2018.12.28"]

1. d4 Nf6 2. c4 e6 3. Nc3 Bb4 4. e3 b6 5. Ne2 Bb7 6. a3 Be7 7. d5 O-O 8. Ng3 Re8
9. Be2 d6 10. e4 Nbd7 11. O-O c6 12. Bf4 Nf8 13. dxc6 Bxc6 14. Qd2 Ng6 15. Be3
Qd7 16. Rfd1 Qb7 17. f3 Rad8 18. Bd4 Qa8 19. b4 d5 20. cxd5 exd5 21. e5 Nd7 22.
f4 Nc5 23. Qe3 Nb3 24. Rab1 Nxd4 25. Qxd4 Nf8 26. f5 Nd7 27. e6 Bf6 28. exf7+
Kxf7 29. Qd2 d4 30. Nb5 Bxb5 31. Bxb5 Qd5 32. Qd3 Kf8 33. Bc4 Qa8 34. Ba2 Re3
35. Qc4 Ne5 36. Qg8+ Ke7 37. Qe6+ Kf8 38. Qg8+ 1/2-1/2

[Event "Hastings Masters 2018-19"]
[Site "Hastings ENG"]
[Date "2018.12.30"]
[Round "3.17"]
[White "Leenhouts, Koen"]
[Black "Brown, Thomas"]
[Result "1-0"]
[WhiteTitle "IM"]
[WhiteElo "2460"]
[BlackElo "2076"]
[WhiteFideId "1008439"]
[BlackFideId "1801430"]
[EventDate "2018.12.28"]

1. d4 Nf6 2. c4 g6 3. Nc3 Bg7 4. e4 d6 5. f3 O-O 6. Bg5 h6 7. Be3 c5 8. d5 e6 9.
Qd2 exd5 10. cxd5 h5 11. Nge2 a6 12. a4 Nbd7 13. Nd1 Ne5 14. Nec3 Re8 15. Be2 b6
16. O-O Ra7 17. Nf2 Nh7 18. h3 f5 19. exf5 Qe7 20. fxg6 Nxg6 21. Nfe4 Nf6 22.
Bg5 Nxe4 23. fxe4 Bd4+ 24. Kh1 Qh7 25. Bf6 Bxf6 26. Rxf6 Rf7 27. Rxf7 Qxf7 28.
Bxh5 1-0

[Event "Hastings Masters 2018-19"]
[Site "Hastings ENG"]
[Date "2018.12.30"]
[Round "3.21"]
[White "Stoyanov, Viktor"]
[Black "Rayner, Francis"]
[Result "1-0"]
[WhiteElo "2195"]
[BlackElo "2048"]
[WhiteFideId "450308"]
[BlackFideId "1800132"]
[EventDate "2018.12.28"]

1. d4 Nf6 2. c4 c5 3. d5 b5 4. Nf3 g6 5. cxb5 a6 6. b6 d6 7. Nc3 Nbd7 8. e4 Bg7
9. a4 a5 10. Bb5 Ba6 11. O-O O-O 12. Nd2 Bxb5 13. Nxb5 Nxb6 14. Qe2 Ne8 15. Nf3
Nc7 16. Nc3 Qd7 17. Qc2 Na6 18. Bf4 Nb4 19. Qe2 Rfb8 20. Rfd1 c4 21. Be3 Nd3 22.
Bd4 Nc8 23. Nb5 Rxb5 24. axb5 Qxb5 25. Bxg7 Kxg7 26. Rab1 a4 27. Ne1 Nc5 28. Nc2
Nb6 29. Nd4 Qd7 30. Nf3 Nd3 31. Qe3 Qb5 32. h4 h5 33. Ne1 Ne5 34. Qd4 f6 35. Nc2
Nd3 36. Na3 Qc5 37. Qxc5 Nxc5 38. Rbc1 Nd3 39. Rc3 Rc8 40. f3 g5 41. g3 Kf7 42.
Kf1 Rc5 43. Ke2 Kg6 44. Ke3 f5 45. Kd4 fxe4 46. fxe4 Ne5 47. hxg5 Kxg5 48. Rf1
Rc8 49. Rf5+ Kg6 50. Nc2 Nd3 51. Rf1 Rb8 52. Ne3 Ne5 53. Rc2 Rc8 54. Rf5 Nd3 55.
Ng2 Kh6 56. Nf4 Ne1 57. Rxh5+ Kg7 58. Rc3 a3 59. Rh1 axb2 60. Rxe1 Ra8 61. Rb1
Ra2 62. Rc2 Na4 63. Kxc4 Ra1 64. Rcxb2 Nxb2+ 65. Rxb2 1-0

[Event "Hastings Masters 2018-19"]
[Site "Hastings ENG"]
[Date "2018.12.30"]
[Round "3.28"]
[White "Chapman, Matt"]
[Black "Norinkeviciute, Rasa"]
[Result "1-0"]
[BlackTitle "WFM"]
[WhiteElo "1902"]
[BlackElo "2028"]
[WhiteFideId "435848"]
[BlackFideId "12801925"]
[EventDate "2018.12.28"]

1. e4 c5 2. Nf3 d6 3. d4 cxd4 4. Nxd4 Nf6 5. Nc3 a6 6. h3 e5 7. Nde2 h5 8. Bg5
Be6 9. Bxf6 Qxf6 10. Nd5 Qd8 11. Nec3 Nd7 12. Bc4 Rc8 13. Bb3 Nc5 14. O-O g6 15.
Qe2 Bh6 16. Bc4 b5 17. Bd3 O-O 18. a4 Bxd5 19. Nxd5 bxa4 20. c3 Ra8 21. Bc2 Qh4
22. Kh2 Rfb8 23. Bxa4 Kg7 24. Rfe1 f5 25. Bc6 Ra7 26. exf5 gxf5 27. Nb4 a5 28.
Bf3 Kg6 29. g3 Qd8 30. Nc6 Qc7 31. Nxa7 Qxa7 32. b4 Nb3 33. Ra3 a4 34. Bxh5+ Kf6
35. Qa2 Nc1 36. Rxc1 Bxc1 37. Rxa4 Qg7 38. Ra7 Rb7 39. Rxb7 Qxb7 40. Qg8 Qg7 41.
Qc4 Qa7 42. Kg2 Qa8+ 43. Kg1 Qb7 44. Qg8 e4 45. Qg6+ Ke5 46. g4 Qd7 47. Qg8 d5
48. Qh8+ Kd6 49. Qd4 Qc8 50. b5 Bg5 51. gxf5 Qc5 52. Qg7 Bh4 53. Qf8+ Be7 54.
Qh6+ Ke5 55. Qe6+ Kf4 56. f6 Bf8 57. Qc6 e3 58. Qxc5 Bxc5 59. f7 exf2+ 60. Kf1
Kg5 61. b6 Kf6 62. b7 Bd6 63. f8=Q+ 1-0

[Event "Hastings Masters 2018-19"]
[Site "Hastings ENG"]
[Date "2018.12.30"]
[Round "3.31"]
[White "Spanton, Tim R"]
[Black "Graham, Cassie M"]
[Result "1/2-1/2"]
[WhiteElo "1943"]
[BlackElo "1889"]
[WhiteFideId "404802"]
[BlackFideId "432644"]
[EventDate "2018.12.28"]

1. e4 c5 2. Nc3 Nc6 3. Nge2 g6 4. d4 cxd4 5. Nxd4 Bg7 6. Nxc6 bxc6 7. Bc4 d6 8.
O-O Bb7 9. Qf3 Nf6 10. Rd1 Qc7 11. Bf4 O-O 12. Bb3 Nd7 13. a3 Nc5 14. Ba2 Rad8
15. Be3 Ne6 16. Qh3 Bc8 17. Qg3 Qa5 18. Bd2 Nd4 19. Qg5 Qc7 20. Rac1 Be6 21. Qe3
Rb8 22. Bxe6 Nxe6 23. b3 Rfd8 24. Be1 Be5 25. g3 Qb6 26. Qxb6 Rxb6 27. Kg2 Nc5
28. f3 Rdb8 29. a4 R6b7 30. Ne2 Ne6 31. Bc3 Bxc3 32. Nxc3 Rb4 33. Rd2 Rd4 34.
Rcd1 Rxd2+ 35. Rxd2 Kf8 36. Kf2 Rb4 37. Ke3 Nc5 38. Ne2 Ke8 39. Rd4 Rb7 40. Rc4
Kd7 41. e5 Ne6 42. exd6 exd6 43. h4 c5 44. Rc3 Rb4 45. Nf4 Nxf4 46. gxf4 Ke6 47.
Rd3 d5 48. Rd1 f6 49. Re1 Kd6 50. h5 gxh5 51. Rh1 c4 52. bxc4 Rxc4 53. Rxh5 Rxa4
54. Rxh7 a5 55. Ra7 Ra3+ 56. Ke2 Ke6 57. Ra6+ Ke7 58. f5 a4 59. Re6+ Kf7 60. Rd6
Rc3 61. Kd2 Rxf3 62. Rd7+ Ke8 63. Rxd5 a3 64. Ra5 a2 65. Ke2 a1=Q 66. Rxa1 1/2-1/2

[Event "Hastings Masters 2018-19"]
[Site "Hastings ENG"]
[Date "2018.12.30"]
[Round "3.32"]
[White "Larsen, Andreas"]
[Black "Wilson, Matthew R"]
[Result "1-0"]
[WhiteElo "1933"]
[BlackElo "1822"]
[WhiteFideId "1504843"]
[BlackFideId "423459"]
[EventDate "2018.12.28"]

1. e4 c5 2. a3 g6 3. c4 Nc6 4. g3 Bg7 5. Bg2 e6 6. Nc3 Nge7 7. Nge2 O-O 8. O-O
d6 9. Rb1 Bd7 10. b4 cxb4 11. axb4 a6 12. d3 Nd4 13. Nxd4 Bxd4 14. Ne2 Bg7 15.
Bb2 e5 16. Bc1 Bg4 17. h3 Bxe2 18. Qxe2 Nc6 19. Be3 a5 20. bxa5 Qxa5 21. Rb5 Qc3
22. Rfb1 Ra3 23. Rxb7 Qxd3 24. Qxd3 Rxd3 25. Rc7 Nb8 26. Rcb7 Nc6 27. Bf1 Rc3
28. Rd7 Nd4 29. Rbb7 Nc2 30. Bd2 Ra3 31. Rxd6 Nd4 32. Kg2 Raa8 33. Rdd7 Rab8 34.
Rxf7 Rxb7 35. Rxb7 Rf7 36. Rb6 Rd7 37. c5 Rc7 38. Bc4+ Kf8 39. Bd5 Ke8 40. c6 h6
41. Bc4 Bf8 42. Rb8+ 1-0

[Event "Hastings Masters 2018-19"]
[Site "Hastings ENG"]
[Date "2018.12.30"]
[Round "3.33"]
[White "Kearsley, Raymond J"]
[Black "Fryer, David W"]
[Result "0-1"]
[WhiteElo "1537"]
[BlackElo "1932"]
[WhiteFideId "470562"]
[BlackFideId "406384"]
[EventDate "2018.12.28"]

1. e4 c6 2. d4 d5 3. exd5 cxd5 4. c4 Nf6 5. Nc3 Nc6 6. Nf3 e6 7. c5 Be7 8. a3
O-O 9. b4 Bd7 10. Bd3 Re8 11. O-O h6 12. Bf4 Nh5 13. Be3 Bf8 14. Bc2 f5 15. Ne5
Nxe5 16. dxe5 g6 17. f4 Ng7 18. Qd2 Rc8 19. Rac1 Kh7 20. Bb3 Be7 21. Ne2 Rf8 22.
Nd4 Ne8 23. Rf2 Ng7 24. Qd3 Qe8 25. Rfc2 a6 26. Rc3 g5 27. fxg5 Bxg5 28. Bxg5
hxg5 29. g4 Kh6 30. Qh3+ Kg6 31. Bc2 Rh8 32. Qg3 Rh6 33. Rf1 Qe7 34. gxf5+ exf5
35. Re3 Rf8 36. Qe1 g4 37. Rg3 Kh7 38. Rxg4 Kh8 39. Rgf4 Nh5 40. R4f2 Rg8+ 41.
Kh1 Ng3+ 42. Kg1 Ne2+ 0-1

[Event "Hastings Masters 2018-19"]
[Site "Hastings ENG"]
[Date "2018.12.30"]
[Round "3.34"]
[White "Fowler, David"]
[Black "Butt, Laurence"]
[Result "1-0"]
[WhiteElo "1929"]
[BlackElo "1635"]
[WhiteFideId "2461595"]
[BlackFideId "440884"]
[EventDate "2018.12.28"]

1. d4 e6 2. e4 d5 3. Nc3 Bb4 4. a3 Bxc3+ 5. bxc3 dxe4 6. Qg4 Kf8 7. Qxe4 Nf6 8.
Qh4 Nbd7 9. Nf3 b6 10. Ne5 Bb7 11. Bg5 Ke7 12. Bb5 c6 13. Bxc6 Qc7 14. Bxb7 Qxb7
15. O-O h6 16. Bc1 g5 17. Qh3 Nxe5 18. dxe5 Nd7 19. Re1 Rac8 20. a4 Qc6 21. Ba3+
Nc5 22. Red1 Rcd8 23. Rd4 Qc7 24. f4 Rd5 25. Rxd5 exd5 26. Qf5 Qc6 27. fxg5 hxg5
28. Qxg5+ Ke8 29. Re1 Qe6 30. Bxc5 bxc5 31. Rb1 Qc8 32. Qf6 Rg8 33. e6 fxe6 34.
Re1 Kd7 35. Qxe6+ Kc7 36. Qf7+ Kd6 37. Qf6+ Kc7 38. Re7+ Kb8 39. Qd6+ Ka8 40.
Qxd5+ Kb8 41. Rb7+ 1-0

[Event "Hastings Masters 2018-19"]
[Site "Hastings ENG"]
[Date "2018.12.30"]
[Round "3.35"]
[White "Armstrong, Malcolm J"]
[Black "Rahulan, Thivyaa"]
[Result "0-1"]
[WhiteElo "2052"]
[BlackElo "1814"]
[WhiteFideId "409049"]
[BlackFideId "431940"]
[EventDate "2018.12.28"]

1. e4 e6 2. b3 d5 3. Bb2 Nf6 4. e5 Nfd7 5. c4 c5 6. cxd5 exd5 7. d4 Nc6 8. dxc5
Ndxe5 9. b4 Qe7 10. Be2 Nxb4 11. Kf1 Bf5 12. Qd4 Nec6 13. Qf4 Qe4 14. Qxe4+ dxe4
15. Nd2 f6 16. g4 Bg6 17. h4 e3 18. Nb3 exf2 19. Kxf2 Bf7 20. Nf3 Nxa2 21. Nbd2
Bxc5+ 22. Kg3 O-O 23. Ne4 Bb6 24. g5 f5 25. Ned2 f4+ 26. Kg2 Rfe8 27. Kf1 Nab4
28. Bb5 a6 29. Be2 Rad8 30. h5 Nd4 31. Nxd4 Bxd4 32. Bxd4 Rxd4 33. Nf3 Rde4 34.
Ng1 R4e5 35. g6 hxg6 36. hxg6 Bxg6 37. Ra4 a5 38. Rh4 Bd3 39. Bxd3 Nxd3 40. Rd4
Re3 41. Rd7 f3 0-1

[Event "Hastings Masters 2018-19"]
[Site "Hastings ENG"]
[Date "2018.12.30"]
[Round "3.36"]
[White "Royal, Shreyas"]
[Black "Carulla Pons, Carlos"]
[Result "1-0"]
[WhiteTitle "CM"]
[WhiteElo "1892"]
[BlackElo "1780"]
[WhiteFideId "448869"]
[BlackFideId "24571768"]
[EventDate "2018.12.28"]

1. d4 Nf6 2. c4 g6 3. Nc3 Bg7 4. e4 d6 5. Nge2 O-O 6. Ng3 e5 7. d5 a5 8. Be2 Na6
9. h4 h5 10. Bg5 Qd7 11. Qd2 Nc5 12. Bh6 Nh7 13. O-O-O Na4 14. Bxg7 Kxg7 15.
Rdf1 Nxc3 16. Qxc3 Qa4 17. a3 b5 18. cxb5 Bd7 19. f4 f6 20. f5 g5 21. Nxh5+ Kf7
22. Qc4 Qxc4+ 23. Bxc4 a4 24. Rf3 Rab8 25. Rc3 Rfc8 26. b3 Bxb5 27. Bxb5 Rxb5
28. bxa4 Rb7 29. Kc2 gxh4 30. Rxh4 Ng5 31. Ng3 Ra8 32. Rc4 Rab8 33. Ne2 Rb2+ 34.
Kd3 R8b7 35. Rh1 R2b3+ 36. Rc3 Ke7 37. Rc1 Kd7 38. Rxb3 Rxb3+ 39. Nc3 Rb2 40.
Rb1 Rxg2 41. a5 Rg3+ 42. Kc4 Nf3 43. Rb8 Nd2+ 44. Kb4 Rg1 45. a6 Nxe4 46. a7 1-0

[Event "Hastings Masters 2018-19"]
[Site "Hastings ENG"]
[Date "2018.12.30"]
[Round "3.37"]
[White "Ruane, Brendan J"]
[Black "Kolani, Arjun"]
[Result "1-0"]
[WhiteElo "1874"]
[BlackElo "1533"]
[WhiteFideId "430218"]
[BlackFideId "446700"]
[EventDate "2018.12.28"]

1. e4 e5 2. d3 Nf6 3. Nf3 Nc6 4. g3 Bc5 5. Bg2 d6 6. O-O O-O 7. c3 a6 8. Nbd2
Ba7 9. Nc4 Be6 10. Qe2 h6 11. Be3 Re8 12. Bxa7 Rxa7 13. Ne3 Qd7 14. Nh4 d5 15.
Qc2 Raa8 16. f4 exf4 17. gxf4 d4 18. Nd1 Bh3 19. Rf3 Bg4 20. Rg3 Nh5 21. Nf2
Nxg3 22. hxg3 g5 23. Nxg4 Qxg4 24. Nf5 Kh7 25. cxd4 gxf4 26. Rf1 fxg3 27. Qb3
Qg6 28. Rf3 Qh5 29. Rxg3 Rg8 30. Qxb7 Na5 31. Qxc7 Rac8 32. Qf4 Rxg3 33. Nxg3
Qg6 34. Bh3 Qxg3+ 35. Qxg3 Rg8 36. Qxg8+ Kxg8 37. Bc8 Nc6 38. d5 Nb4 39. d6 Kf8
40. d4 Nxa2 41. Bxa6 Nb4 42. Bb5 Nc2 43. d5 Nd4 44. Bc6 Nf3+ 45. Kf2 Nd2 46. Ke3
Nc4+ 47. Kf4 Nxb2 48. Bb5 Nd1 49. e5 Nc3 50. Bc6 Ne2+ 51. Kg4 Nd4 52. Kh5 Nf5
53. Kg4 Nd4 54. Kh5 Nf5 55. Kg4 Nd4 56. Kf4 Ne2+ 57. Ke3 Ng3 58. Kf4 Ne2+ 59.
Kf3 Nd4+ 60. Kg4 h5+ 61. Kxh5 Ne2 62. Kg5 Nd4 63. Kf6 1-0

[Event "Hastings Masters 2018-19"]
[Site "Hastings ENG"]
[Date "2018.12.30"]
[Round "3.38"]
[White "Witt, Holger"]
[Black "Salmons, Calum"]
[Result "0-1"]
[WhiteElo "1567"]
[BlackElo "1905"]
[WhiteFideId "24678139"]
[BlackFideId "437280"]
[EventDate "2018.12.28"]

1. d4 Nf6 2. Bf4 g6 3. Nc3 d5 4. Qd2 Bg7 5. Bh6 O-O 6. Bxg7 Kxg7 7. O-O-O c6 8.
f3 b5 9. e4 b4 10. e5 bxc3 11. exf6+ exf6 12. Qxc3 f5 13. h4 h5 14. Bd3 Qb6 15.
Nh3 Nd7 16. Ng5 Nf6 17. Rhe1 Qc7 18. Re5 Bd7 19. Rde1 a5 20. R1e2 a4 21. a3 Rab8
22. Re7 Qf4+ 23. Kb1 Qxh4 24. Ne6+ Bxe6 25. R2xe6 Rb6 26. Rxc6 Rxc6 27. Qxc6
Qxd4 28. Qb5 Qg1+ 29. Bf1 h4 30. Ka2 Qf2 31. Qe2 Qxe2 32. Bxe2 Nh5 33. Bb5 Nf4
34. Bxa4 Nxg2 35. Rd7 Ne3 36. Bc6 h3 37. Bxd5 h2 38. f4 Nxd5 0-1

[Event "Hastings Masters 2018-19"]
[Site "Hastings ENG"]
[Date "2018.12.30"]
[Round "3.39"]
[White "Choi, Shinwoo"]
[Black "Park, Sijoon"]
[Result "1-0"]
[WhiteElo "1219"]
[BlackElo "1243"]
[WhiteFideId "13209892"]
[BlackFideId "13207296"]
[EventDate "2018.12.28"]

1. e4 c5 2. Nf3 e6 3. d4 cxd4 4. Nxd4 a6 5. Bd3 Qc7 6. O-O Nf6 7. Nc3 Bc5 8. Nb3
Ba7 9. Re1 d6 10. Be3 Nc6 11. Bxa7 Nxa7 12. Qd2 O-O 13. f4 e5 14. fxe5 dxe5 15.
h3 Nc6 16. Qf2 Be6 17. Rad1 Rad8 18. Nc1 Nd7 19. N1e2 Nf6 20. Qe3 Nh5 21. Rd2
Nf4 22. Qf2 f5 23. Qe3 Qe7 24. exf5 Bxf5 25. Bxf5 Rxf5 26. Rxd8+ Qxd8 27. Nxf4
Rxf4 28. g3 Rf8 29. h4 Ne7 30. Qxe5 Qb6+ 31. Re3 Nf5 32. Nd5 Qd8 33. Rf3 Qd7 34.
h5 Nd6 35. Rxf8+ Kxf8 36. Kf2 Nc4 37. Qf4+ Qf7 38. Qxf7+ Kxf7 39. b3 Na3 40. c4
Ke6 41. Ke3 Kd6 42. g4 Ke5 43. Nb6 Nc2+ 44. Kf3 Nd4+ 45. Kg3 g5 46. hxg6 hxg6
47. Kh4 Kf4 48. Nd5+ Ke5 49. Kg5 b5 50. Kxg6 a5 51. Kh5 a4 52. g5 axb3 53. axb3
Nxb3 54. g6 Nd4 55. g7 bxc4 56. g8=Q Ne6 57. Ne3 c3 58. Qh8+ 1-0